000
00295nam a22001217a 4500
008
260424b |||||||| |||| 00| 0 eng d
082
_a
001077
100
_a
Narayanachar, K S
245
_a
Viveka Vaividhya
260
_a
Hubli
_b
Sahitya Prakashana
_c
2012 2014
300
_a
320 345 p
942
_2
ddc
999
_c
1313
_d
1313